All the Geography I know by Letter-A - Statistics

General Stats
  • This quiz has been taken 82 times
  • The average score is 43 of 65
Answer Stats
Hint Answer % Correct
Sea bordering Croatia and Slovenia. Adriatic
93%
Continent of Somalia Africa
92%
Capital in Greece Athens
92%
Cold Continent Antarctica
90%
Continent of Japan Asia
90%
2nd Biggest Ocean Atlantic
90%
Sea between Turkey and Greece. Aegean
89%
American State(Hint:Sweet Home) Alabama
89%
Country in Europe Albania
89%
Country in Europe Andorra
87%
Capital of Turkey Ankara
87%
Very Cold Ocean Arctic
87%
Country in South America Argentina
87%
Country in the Caucasus Armenia
86%
City in New Zealand Auckland
86%
Capital of UAE Abu Dhabi
85%
City in Egypt Alexandria
85%
Country in Northern Africa Algeria
85%
Capital of Jordan Amman
85%
Capital of Texas Austin
85%
Country in Oceania Australia
85%
Canadian Province Alberta
83%
Capital of the Above Algiers
83%
Country in the Caucasus Azerbaijan
83%
Capital of Ethiopia Addis Ababa
82%
American State Alaska
82%
Country in Europe Austria
82%
Capital of Ghana Accra
80%
Capital of the Above Andorra La Vella
79%
City in New York Albany
77%
City in Georgia(State) Atlanta
77%
Capital of Nigeria Abuja
75%
Language of South Africa Afrikaans
75%
American State Arkansas
75%
City in Belgium Antwerp
73%
Biggest City in New Mexico Albuquerque
72%
Capital of Madagascar Antananarivo
70%
City in Above Anchorage
68%
City in Syria Aleppo
65%
Capital of Turkmenistan Ashgabat
65%
Previous name of Nur-Sultan Astana
65%
Capital of Eritrea Asmara
62%
City in India Ahmedabad
61%
Capital of Maryland Annapolis
58%
Capital of Samoa Apia
58%
City in India Agra
56%
City in Kazakhstan Almaty
56%
City in Ohio Akron
55%
City in Denmark Aarhus
54%
City in Mexico Acapulco
52%
City in Turkey Antalya/Antayla
52%
City in Yemen Aden
51%
City in California Anaheim
45%
City in Michigan Ann Arbor
42%
City in Colorado Aspen
39%
City in Georgia(State) Augusta
37%
City in Turkey Adana
34%
City in Denmark Aalborg
32%
City in Egypt Aswan
31%
City in Germany Augsburg
30%
City in Russia Arkhangelsk
28%
Sea between Spain and Morocco Alboran
24%
City in Nigeria Aba
23%
City in Northern Niger Agadez
10%
City Egypt Asyut
8%
No matching quizzes found
Score Distribution
Percent of People with Each Score
Percentile by Number Answered
Your Score History
You have not taken this quiz